000 00491cam a2200193 i 4500
020 _a9780073525549
020 _a0073525545
020 _a9781259095573
020 _a1259095576
040 _cDLC
082 0 0 _a570 HOE 2009 A082 Or.
100 1 _aHoefnagels, Marielle.
245 1 0 _aBiology :
_bconcepts and investigations /
250 _aThird edition.
300 _axxx, 826 pages :
_bcolor illustrations ;
_c28 cm
500 _aIncludes index.
650 0 _aBiology
942 _cEK
999 _c16056
_d16056